000 00292nam a22001337a 4500
008 170526b xxu||||| |||| 00| 0 eng d
020 _a0132791668
041 _aeng
080 _23RD
_a621
100 _a26
101 _aIM
245 _aENGINEERING MECHANICS
_cSHAMES,I.H
942 _2udc
_cBK
999 _c14314
_d14314